| 000 | 01183nam a2200301 4500 | ||
|---|---|---|---|
| 001 | 0000015202 | ||
| 003 | CO-CtgCURN | ||
| 005 | 20250515221808.0 | ||
| 007 | ta | ||
| 008 | 160627s1993 000 0 eng d | ||
| 020 | _a9586121801 | ||
| 040 |
_aCO-CtgCURN _bspa _ccoctgcurn |
||
| 082 | 0 |
_a069.4 _bL864m |
|
| 100 | 1 | _aLópez Barbosa, Fernando. | |
| 245 | 1 | 0 |
_aManual de montaje de exposiciones / _cFernando López Barbosa. |
| 260 |
_aBogotá : _bMuseo Nacional de Colombia, _c1993. |
||
| 300 | _a113 p. | ||
| 336 | _2rdacontent | ||
| 337 |
_2rdamedia _asin mediacion _bn |
||
| 338 |
_2rdacarrier _avolumen _bnc |
||
| 490 | 1 | _aManuales museograficos | |
| 505 | 8 | _aLo define una exposicion.--Tipos de exposiciones.--Que busca el montaje.--El recinto.--Elementos del montaje.--Montar y colgar: las tecnicas de montaje.--Planear la distribucion.--Mostrar y ocultar.--Medidas de seguridad.--Mantenimiento y permanencia del montaje | |
| 650 | 1 | 4 |
_aArte _vExposiciones. |
| 908 | _a160627 | ||
| 942 |
_cBK _h069.4 _iL864m _2ddc _n0 |
||
| 999 |
_c16824 _d16824 |
||